Pays du Monde - dans l’ordre alphabétique - Statistiques

Statistiques générales
  • Ce quiz a été pris 80 fois
  • Le résultat moyen est 74 sur 196
Statistiques - réponses
Pays du Monde % Correct
Afghanistan
100%
Afrique du Sud
86%
Algérie
83%
Albanie
80%
Angola
80%
Antigua-et-Barbuda
77%
Allemagne
74%
Andorre
74%
Arménie
71%
Australie
71%
Argentine
69%
Azerbaïdjan
69%
Autriche
66%
Belgique
63%
Biélorussie
63%
Arabie Saoudite
60%
Bangladesh
60%
Bhoutan
60%
Brésil
60%
Bahamas
57%
Bahreïn
57%
Belize
57%
Brunei
57%
Zambie
57%
Zimbabwe
57%
Bénin
54%
Birmanie
54%
Bolivie
54%
Chine
54%
Danemark
54%
Bosnie-Herzégovine
51%
Bulgarie
51%
Canada
51%
Chili
51%
Corée du Nord
51%
Corée du Sud
51%
États-Unis
51%
Botswana
49%
Cambodge
49%
Cameroun
49%
Cap-Vert
49%
Colombie
49%
Djibouti
49%
Érythrée
49%
Finlande
49%
France
49%
Vatican
49%
Venezuela
49%
Yémen
49%
Burkina Faso
46%
Burundi
46%
Costa Rica
46%
Croatie
46%
Cuba
46%
Espagne
46%
Estonie
46%
Éthiopie
46%
Gabon
46%
Ghana
46%
Guinée
46%
Uruguay
46%
Barbade
43%
Chypre
43%
Comores
43%
Eswatini
43%
Fidji
43%
Guinée-Bissau
43%
Guinée Équatoriale
43%
Haïti
43%
Honduras
43%
Ukraine
43%
Viêt Nam
43%
Côte d'Ivoire
40%
Égypte
40%
Émirats Arabes Unis
40%
Équateur
40%
Géorgie
40%
Vanuatu
40%
Dominique
37%
Gambie
37%
Grèce
37%
Guyana
37%
Hongrie
37%
Inde
37%
Indonésie
37%
Japon
37%
Jordanie
37%
Kazakhstan
37%
Kirghizistan
37%
Kiribati
37%
Laos
37%
Guatemala
34%
Irak
34%
Iran
34%
Islande
34%
Israël
34%
Italie
34%
Jamaïque
34%
Kenya
34%
Koweït
34%
Lettonie
34%
Turquie
34%
Tuvalu
34%
États Fédérés de Micronésie
31%
Îles Marshall
31%
Îles Salomon
31%
Irlande
31%
Kosovo
31%
Lesotho
31%
Liberia
31%
Libye
31%
Liechtenstein
31%
Mali
31%
Qatar
31%
Trinité-et-Tobago
31%
Turkménistan
31%
Grenade
29%
Lituanie
29%
Luxembourg
29%
Madagascar
29%
Malte
29%
Mauritanie
29%
Palaos
29%
Papouasie-Nouvelle-Guinée
29%
Pérou
29%
Philippines
29%
Roumanie
29%
Rwanda
29%
Saint-Christophe-et-Niévès
29%
Sainte-Lucie
29%
Saint-Marin
29%
Saint-Vincent-et-les-Grenadines
29%
Timor Oriental
29%
Togo
29%
Tonga
29%
Liban
26%
Malaisie
26%
Malawi
26%
Maroc
26%
Niger
26%
Nigeria
26%
Ouzbékistan
26%
Pakistan
26%
Paraguay
26%
Portugal
26%
Russie
26%
Sao Tomé-et-Principe
26%
Suisse
26%
Macédoine du Nord
23%
Maldives
23%
Maurice
23%
Mexique
23%
Monténégro
23%
Namibie
23%
Nauru
23%
Norvège
23%
Oman
23%
Ouganda
23%
Pologne
23%
République Centrafricaine
23%
République Démocratique du Congo
23%
République Dominicaine
23%
République du Congo
23%
République Tchèque
23%
Royaume-Uni
23%
Salvador
23%
Samoa
23%
Serbie
23%
Slovaquie
23%
Slovénie
23%
Soudan
23%
Soudan du Sud
23%
Suède
23%
Tadjikistan
23%
Thaïlande
23%
Tunisie
23%
Monaco
20%
Népal
20%
Nicaragua
20%
Nouvelle-Zélande
20%
Panama
20%
Pays-Bas
20%
Sierra Leone
20%
Syrie
20%
Taïwan
20%
Tchad
20%
Mongolie
17%
Mozambique
17%
Sénégal
17%
Sri Lanka
17%
Suriname
17%
Moldavie
14%
Seychelles
14%
Singapour
14%
Tanzanie
14%
Somalie
11%
Aucun quiz correspondant
Distribution des résultats
% des personnes avec chaque résultat
Percentile par nombre de réponses
Votre historique - résultats
Vous n’avez pas pris ce quiz